Učiaca sa spoločnosť a jej efekty na rozvoj ľudských zdrojov diplomová práca

Salvato in:
Dettagli Bibliografici
Autore principale: Miškeová, Renáta
Ente Autore: Národohospodárska fakulta EU. Katedra sociálneho rozvoja a práce
Altri autori: Antalová, Mária, 1952-
Natura: Libro
Lingua:slovacco
Pubblicazione: Bratislava 2009
Tags: Aggiungi Tag
Nessun Tag, puoi essere il primo ad aggiungerne!!

MARC

LEADER 00000nam$a2200000$$$4500
001 0095790
005 20240318140543.0
041 0 |a slo 
044 |a SK 
245 1 0 |a Učiaca sa spoločnosť a jej efekty na rozvoj ľudských zdrojov  |b diplomová práca  |c Renáta Miškeová ; škol. Mária Antalová 
264 1 |a Bratislava  |c 2009 
300 |a 103 s. 
100 1 |a Miškeová, Renáta 
700 1 |a Antalová, Mária, 1952- 
710 2 |a Národohospodárska fakulta EU. Katedra sociálneho rozvoja a práce